Statistics for U.S. State Capital Multiple Choice

Click here to take the quiz!

General Stats

  • This quiz has been taken 44 times
  • The average score is 44 of 50

Answer Stats

QuestionAnswer% Correct
HawaiiHonolulu
100%
IowaDes Moines
98%
ArkansasLittle Rock
98%
Rhode IslandProvidence
98%
New YorkAlbany
95%
GeorgiaAtlanta
95%
MontanaHelena
95%
MississippiJackson
95%
ArizonaPhoenix
95%
VirginiaRichmond
95%
FloridaTallahassee
95%
North DakotaBismarck
93%
IdahoBoise
93%
ColoradoDenver
93%
ConnecticutHartford
93%
IndianaIndianapolis
93%
CaliforniaSacramento
93%
UtahSalt Lake City
93%
LouisianaBaton Rouge
90%
MassachusettsBoston
90%
NevadaCarson City
90%
WyomingCheyenne
90%
OhioColumbus
90%
NebraskaLincoln
90%
WashingtonOlympia
90%
IllinoisSpringfield
90%
West VirginiaCharleston
88%
DelawareDover
88%
WisconsinMadison
88%
VermontMontpelier
88%
OklahomaOklahoma City
88%
New MexicoSanta Fe
88%
MarylandAnnapolis
86%
MaineAugusta
86%
TexasAustin
86%
New HampshireConcord
86%
AlaskaJuneau
86%
MichiganLansing
86%
TennesseeNashville
86%
MinnesotaSt. Paul
86%
AlabamaMontgomery
83%
South DakotaPierre
83%
KansasTopeka
83%
New JerseyTrenton
83%
KentuckyFrankfort
81%
PennsylvaniaHarrisburg
81%
North CarolinaRaleigh
81%
South CarolinaColumbia
79%
MissouriJefferson City
71%
OregonSalem
67%

Score Distribution

Percentile by Number Answered

Percent of People with Each Score

Your Score History

You have not taken this quiz